000 00415nam a2200133 a 4500
001 000028366
005 20200930054916.0
008 110408nuuuuuuuudr a 000 | spa d
040 _aDO-SdBNP
_bspa
_cBNPHU
245 0 0 _aJuventud para la civilización del amor :
_bel joven nuevo y la nueva sociedad.
260 _aSanto Domingo :
_bCasa de la Juventud,
_c[19??].
300 _a114 p. :
_bil. ;
_c21 cm.
049 _aBNPD
999 _c27858
_d27858